Southville International School and Colleges
Your cart is empty.
  • Cart
  • Lists
    Public lists Eva Luna New books Lux_list list_1
    Your lists Log in to create your own lists
  • Log in to your account
  • Your cookies
  • Search history
Southville International School and Colleges
  • Advanced search
  • Recent comments
  • Most popular
  • Libraries

Log in to your account

Log in with GOOGLE


If you do not have an external account, but do have a local account, you can still log in:

  1. Home
  2. MARC view: Awesome minds : the inventors of LEGO toys
Normal view MARC view ISBD view

Awesome minds : the inventors of LEGO toys (Record no. 366670)

[ view plain ]
MARC details
000 -LEADER
fixed length control field 00630nam a22001937a 4500
003 - CONTROL NUMBER IDENTIFIER
control field 0
005 - DATE AND TIME OF LATEST TRANSACTION
control field 20241111134727.0
008 - FIXED-LENGTH DATA ELEMENTS--GENERAL INFORMATION
fixed length control field 241111b xxu||||| |||| 00| 0 eng d
020 ## - INTERNATIONAL STANDARD BOOK NUMBER
International Standard Book Number 978-1-938093-53-1
082 ## - DEWEY DECIMAL CLASSIFICATION NUMBER
Classification number REF 688.7
Item number H141 2016
100 ## - MAIN ENTRY--PERSONAL NAME
Personal name Hagar, Erin
245 ## - TITLE STATEMENT
Title Awesome minds : the inventors of LEGO toys
Statement of responsibility, etc Erin Hagar ; Art by Paige Garrison.
260 ## - PUBLICATION, DISTRIBUTION, ETC. (IMPRINT)
Place of publication, distribution, etc New York :
Name of publisher, distributor, etc Duo Press,
Date of publication, distribution, etc 2016.
300 ## - PHYSICAL DESCRIPTION
Extent 45 pages :
Other physical details col. ill. ;
Dimensions 24 cm.
650 ## - SUBJECT ADDED ENTRY--TOPICAL TERM
Topical term or geographic name as entry element Toy industry
Geographic subdivision Denmark
Form subdivision Juvenile literature.
650 ## - SUBJECT ADDED ENTRY--TOPICAL TERM
Topical term or geographic name as entry element LEGO toys
General subdivision History
Form subdivision Juvenile literature.
700 ## - ADDED ENTRY--PERSONAL NAME
Personal name Garrison, Paige,
Relator term illustrator.
942 ## - ADDED ENTRY ELEMENTS (KOHA)
Source of classification or shelving scheme Dewey Decimal Classification
Koha item type Books
Holdings
Withdrawn status Lost status Source of classification or shelving scheme Damaged status Home library Current library Shelving location Date acquired Source of acquisition Sub Shelving location Total Checkouts Full call number Barcode Date last seen Price effective from Koha item type
    Dewey Decimal Classification   Munich Library Munich Library Reference Section 11/11/2024 Library Fund     REF 688.7 H141 2016 M8582 11/11/2024 11/11/2024 Books

Awesome minds : the inventors of LEGO toys

APA

Hagar E., Garrison P., . (2016). Awesome minds : the inventors of LEGO toys. New York: Duo Press.

Chicago

Hagar Erin, Garrison Paige, . 2016. Awesome minds : the inventors of LEGO toys. New York: Duo Press.

Harvard

Hagar E., Garrison P., . (2016). Awesome minds : the inventors of LEGO toys. New York: Duo Press.

MLA

Hagar Erin, Garrison Paige, . Awesome minds : the inventors of LEGO toys. New York: Duo Press. 2016.

  • Place hold
  • Print
  • Cite
  • Add to your cart (remove)
  • Save record
    BIBTEX Dublin Core MARCXML MARC (non-Unicode/MARC-8) MARC (Unicode/UTF-8) MARC (Unicode/UTF-8, Standard) MODS (XML) RIS
  • More searches
    Search for this title in:
    Other Libraries (WorldCat) Other Databases (Google Scholar) Online Stores (Bookfinder.com) Open Library (openlibrary.org)

Exporting to Dublin Core...

SOUTHVILLE LIBRARY

Southville International School and Colleges Library

1281 Tropical Ave. Cor. Luxembourg St., BF Homes International, Las Pinas City

Tel. No. 8256374 / 252358 Loc. 117/146

Powered by Koha